| 000 | 01153nam0a22002651 4500 | ||
|---|---|---|---|
| 001 | rc\4882204 | ||
| 005 | 20260407020642.0 | ||
| 021 |
_aRU _b[57-29876] |
||
| 035 | _a(NLR Aleph) 008916972 | ||
| 090 |
_a8799792 _c8799792 |
||
| 100 | _a20130426d1957 |||y0rusy50 ca | ||
| 101 | 0 | _arus | |
| 102 | _aRU | ||
| 105 | _aa d ||||| | ||
| 200 | 1 |
_aРефераты научно-исследовательских работ ВНИИПа _fМ-во пром-сти мясных и молочных продуктов СССР. Техн. упр. Отд. техн. информации. Всесоюз. науч.-исслед. ин-т птицепром-сти |
|
| 210 |
_aМосква _cБ. и. _d1957 |
||
| 215 |
_a31 с. _cил. _d20 |
||
| 606 |
_aПтицепроизводство _jРефераты _2psbo |
||
| 606 |
_aПтицепродукты _xПроизводство _jРефераты _2psbo |
||
| 710 | 0 | 2 |
_aЦНИИ птицеперерабатывающей промышленности _cМосква _3RU\NLR\AUTH\8810005493 _9508359 |
| 801 | 0 |
_aRU _bNLR _gpsbo |
|
| 801 | 1 |
_aRU _bELAR _2rusmarc |
|
| 852 |
_aNLR _j57-4/8145 |
||
| 942 | _cBOOK | ||
| 980 | _aNB | ||